000 00982cab a22002055a 4500
001 L141593
008 071204e20071019xxk f 000 0 eng d
035 _a(Sirsi) u141593
041 0 _aeng
100 1 _aParsley, David
245 0 4 _aThe planning gain supplement is dead
_blong live the roof tax?
260 _c2007
490 0 _aBuilding
_v272(8502) 19 October 2007
520 _aDiscusses industry opposition to the Planning Gain Supplement (PGS) and looks at a rival scheme for funding infrastructure, the roof tax or tariff. Following the announcement that legislation implementing the PGS will be delayed, there has been discussion about an alternative tariff system built on the current section 106 approach. Provides industry opinion about how this tariff system should work, and compares the roof tax or tariff with PGS.
590 _aKA
650 2 4 _aPLANNING GAIN SUPPLEMENT
651 4 _aEngland
_y886-
690 _aPlanning and development
_96259
942 _n0
999 _c79533
_d79533